| 000 | 00916nam a2200217 a 4500 | ||
|---|---|---|---|
| 003 | 0 | ||
| 005 | 20250321154445.0 | ||
| 008 | 060801s19uu xx 00 eng d | ||
| 050 |
_aPGS LB 1062.6.E94.A27 _b.L431 2006 |
||
| 100 | _aLazo, Miguel Jose D. | ||
| 245 |
_aPerceived effects of physical exercise on the academic performance of the SISC grade 6 students / _cMiguel Jose D. Lazo. |
||
| 260 |
_aLas PiƱas City, Philippines : _bSouthville International School and Colleges, _c2006. |
||
| 300 |
_a28 pages : _billustrations ; _c28 cm. |
||
| 504 | _aIncludes bibliographical references. | ||
| 650 |
_aExercise _vPhysiological aspects. |
||
| 650 |
_aExercise _vPsychological aspects. |
||
| 650 |
_aPhysical fitness _vAcademic achievement correlation. |
||
| 650 |
_aEducation, Elementary _vStudent performance factors. |
||
| 650 |
_aPhysical education and training _vEffects on learning. |
||
| 942 |
_2lcc _cPASS |
||
| 999 |
_c97510 _d97510 |
||